<?xml version="1.0" encoding="UTF-8"?>
<record
    xmlns:xsi="http://www.w3.org/2001/XMLSchema-instance"
    xsi:schemaLocation="http://www.loc.gov/MARC21/slim http://www.loc.gov/standards/marcxml/schema/MARC21slim.xsd"
    xmlns="http://www.loc.gov/MARC21/slim">

  <leader>04673njm a2200757Ia 4500</leader>
  <controlfield tag="001">23808</controlfield>
  <controlfield tag="003">IT-RoPAU</controlfield>
  <controlfield tag="005">20220918181122.0</controlfield>
  <controlfield tag="008">131025s9999    xx            000 0 und d</controlfield>
  <datafield tag="040" ind1=" " ind2=" ">
    <subfield code="a">IT-RoPAU</subfield>
  </datafield>
  <datafield tag="040" ind1=" " ind2=" ">
    <subfield code="c">IT-RoPAU</subfield>
  </datafield>
  <datafield tag="041" ind1=" " ind2=" ">
    <subfield code="a">ITALIANO</subfield>
  </datafield>
  <datafield tag="999" ind1=" " ind2=" ">
    <subfield code="c">99900</subfield>
    <subfield code="d">99900</subfield>
  </datafield>
  <datafield tag="999" ind1=" " ind2=" ">
    <subfield code="b">n.d.</subfield>
  </datafield>
  <datafield tag="100" ind1=" " ind2=" ">
    <subfield code="a">AA.VV.</subfield>
    <subfield code="9">794</subfield>
  </datafield>
  <datafield tag="100" ind1=" " ind2=" ">
    <subfield code="e">Autore musica</subfield>
    <subfield code="9">6072</subfield>
  </datafield>
  <datafield tag="100" ind1=" " ind2=" ">
    <subfield code="g">Codice autore musica SPICS: 12000</subfield>
    <subfield code="9">796</subfield>
  </datafield>
  <datafield tag="245" ind1=" " ind2=" ">
    <subfield code="a">Canzoniere 50-Quei favolosi anni del "boom" (Lp Ski 5067)</subfield>
  </datafield>
  <datafield tag="250" ind1=" " ind2=" ">
    <subfield code="a">1a ed.</subfield>
  </datafield>
  <datafield tag="260" ind1=" " ind2=" ">
    <subfield code="a">ITALIA</subfield>
  </datafield>
  <datafield tag="260" ind1=" " ind2=" ">
    <subfield code="b">K - TEL INTERNATIONAL</subfield>
    <subfield code="c">1981 [1a Ed.:1981 - Ed. Lingua Orig.: 1954]</subfield>
  </datafield>
  <datafield tag="300" ind1=" " ind2=" ">
    <subfield code="a">DISCO</subfield>
  </datafield>
  <datafield tag="300" ind1=" " ind2=" ">
    <subfield code="c">46 minuti (Testo:  pag.)</subfield>
  </datafield>
  <datafield tag="500" ind1=" " ind2=" ">
    <subfield code="a">Canzone italiana anni '50 le quattordici canzoni pi&#xF9; belle del 1954</subfield>
  </datafield>
  <datafield tag="505" ind1=" " ind2=" ">
    <subfield code="a">Canzone da due soldi (4:00) - E la barca torn&#xF2; sola (4:00) - O' cangaceiro (Mulher Rendeira) dal film omonimo (4:00) - Ufemia (3:00) - Souvenir d'Italie dalla rivista "Tutte donne meno io" (3:00) - Tell me Why (4:00) - La strada dal film omonimo (4:00) - Scapricciatiello (4:00) - Johnny Guitar dal film omonimo (3:00) - Fontana di Trevi dal film "Tre soldi nella fontana" (4:00) - Aveva un bavero (4:00) - Le Grisbi dal film omonimo (4:00) - La donna riccia (3:00) - Tutte le mamme (4:00)</subfield>
  </datafield>
  <datafield tag="511" ind1=" " ind2=" ">
    <subfield code="a">Ranieri Katyna</subfield>
  </datafield>
  <datafield tag="511" ind1=" " ind2=" ">
    <subfield code="a">Latilla Gino</subfield>
  </datafield>
  <datafield tag="511" ind1=" " ind2=" ">
    <subfield code="a">Sandon's Flo</subfield>
  </datafield>
  <datafield tag="511" ind1=" " ind2=" ">
    <subfield code="a">Rosettani Bruno</subfield>
  </datafield>
  <datafield tag="511" ind1=" " ind2=" ">
    <subfield code="a">Pizzi Nilla</subfield>
  </datafield>
  <datafield tag="511" ind1=" " ind2=" ">
    <subfield code="a">Van Wood Peter</subfield>
  </datafield>
  <datafield tag="511" ind1=" " ind2=" ">
    <subfield code="a">Savina Carlo</subfield>
  </datafield>
  <datafield tag="511" ind1=" " ind2=" ">
    <subfield code="a">Fierro Aurelio</subfield>
  </datafield>
  <datafield tag="511" ind1=" " ind2=" ">
    <subfield code="a">Quartetto Cetra (Il)</subfield>
  </datafield>
  <datafield tag="511" ind1=" " ind2=" ">
    <subfield code="a">Bacilieri Paolo</subfield>
  </datafield>
  <datafield tag="511" ind1=" " ind2=" ">
    <subfield code="a">Modugno Domenico</subfield>
  </datafield>
  <datafield tag="650" ind1=" " ind2=" ">
    <subfield code="a">CANZONE ITALIAN [DISCHI]</subfield>
    <subfield code="e">Codice MATERIA SPICS: 9950</subfield>
    <subfield code="9">6073</subfield>
  </datafield>
  <datafield tag="700" ind1=" " ind2=" ">
    <subfield code="a">Pinchi (Pinci) (Perotti Pino)</subfield>
    <subfield code="d">Codice autore musica SPICS: 13615</subfield>
    <subfield code="e">Autore musica</subfield>
    <subfield code="p">Canzone da due soldi</subfield>
    <subfield code="9">6074</subfield>
  </datafield>
  <datafield tag="700" ind1=" " ind2=" ">
    <subfield code="a">Donida Carlo</subfield>
    <subfield code="d">Codice autore testo/musica SPICS: 13649</subfield>
    <subfield code="e">Autore testo/musica</subfield>
    <subfield code="p">Canzone da due soldi</subfield>
    <subfield code="9">6075</subfield>
  </datafield>
  <datafield tag="700" ind1=" " ind2=" ">
    <subfield code="a">Ruccione Mario</subfield>
    <subfield code="d">Codice autore musica SPICS: 13479</subfield>
    <subfield code="e">Autore musica</subfield>
    <subfield code="p">E la barca torn&#xF2; sola</subfield>
    <subfield code="9">6076</subfield>
  </datafield>
  <datafield tag="700" ind1=" " ind2=" ">
    <subfield code="a">Fiorelli Giuseppe</subfield>
    <subfield code="d">Codice autore testo/musica SPICS: 13362</subfield>
    <subfield code="e">Autore testo/musica</subfield>
    <subfield code="p">E la barca torn&#xF2; sola</subfield>
    <subfield code="9">6077</subfield>
  </datafield>
  <datafield tag="700" ind1=" " ind2=" ">
    <subfield code="a">Nascimento Milton</subfield>
    <subfield code="d">Codice autore testo/musica SPICS: 15502</subfield>
    <subfield code="e">Autore testo/musica</subfield>
    <subfield code="p">O' cangaceiro</subfield>
    <subfield code="9">6078</subfield>
  </datafield>
  <datafield tag="700" ind1=" " ind2=" ">
    <subfield code="a">Poletto Enzo</subfield>
    <subfield code="d">Codice autore musica SPICS: 13595</subfield>
    <subfield code="e">Autore musica</subfield>
    <subfield code="p">Ufemia</subfield>
    <subfield code="9">6079</subfield>
  </datafield>
  <datafield tag="700" ind1=" " ind2=" ">
    <subfield code="a">Mendes Peppino</subfield>
    <subfield code="d">Codice autore SPICS: 13135</subfield>
    <subfield code="e">Autore</subfield>
    <subfield code="p">Ufemia</subfield>
    <subfield code="9">6080</subfield>
  </datafield>
  <datafield tag="700" ind1=" " ind2=" ">
    <subfield code="a">Fuentes</subfield>
    <subfield code="d">Codice autore testo/musica SPICS: 14201</subfield>
    <subfield code="e">Autore testo/musica</subfield>
    <subfield code="p">Ufemia</subfield>
    <subfield code="9">6081</subfield>
  </datafield>
  <datafield tag="700" ind1=" " ind2=" ">
    <subfield code="a">Luttazzi Lelio</subfield>
    <subfield code="d">Codice autore musica SPICS: 13480</subfield>
    <subfield code="e">Autore musica</subfield>
    <subfield code="p">Souvenir d'Italie</subfield>
    <subfield code="9">6082</subfield>
  </datafield>
  <datafield tag="700" ind1=" " ind2=" ">
    <subfield code="a">Tarabusi Renzo</subfield>
    <subfield code="d">Codice autore SPICS: 855</subfield>
    <subfield code="e">Autore</subfield>
    <subfield code="p">Souvenir d'Italie</subfield>
    <subfield code="9">6083</subfield>
  </datafield>
  <datafield tag="700" ind1=" " ind2=" ">
    <subfield code="a">Scarnicci Giulio</subfield>
    <subfield code="d">Codice autore testo/musica SPICS: 1533</subfield>
    <subfield code="e">Autore testo/musica</subfield>
    <subfield code="p">Souvenir d'Italie</subfield>
    <subfield code="9">6084</subfield>
  </datafield>
  <datafield tag="700" ind1=" " ind2=" ">
    <subfield code="a">Gold Ernest</subfield>
    <subfield code="d">Codice autore musica SPICS: 10926</subfield>
    <subfield code="e">Autore musica</subfield>
    <subfield code="p">Tell me Why</subfield>
    <subfield code="9">6085</subfield>
  </datafield>
  <datafield tag="700" ind1=" " ind2=" ">
    <subfield code="a">Alberts</subfield>
    <subfield code="d">Codice autore testo/musica SPICS: 18018</subfield>
    <subfield code="e">Autore testo/musica</subfield>
    <subfield code="p">Tell me Why</subfield>
    <subfield code="9">6086</subfield>
  </datafield>
  <datafield tag="700" ind1=" " ind2=" ">
    <subfield code="a">Rota Nino</subfield>
    <subfield code="d">Codice autore testo/musica SPICS: 11128</subfield>
    <subfield code="e">Autore testo/musica</subfield>
    <subfield code="p">La strada</subfield>
    <subfield code="9">6087</subfield>
  </datafield>
  <datafield tag="700" ind1=" " ind2=" ">
    <subfield code="a">Albano Ferdinando</subfield>
    <subfield code="d">Codice autore musica SPICS: 13631</subfield>
    <subfield code="e">Autore musica</subfield>
    <subfield code="p">Scapricciatiello</subfield>
    <subfield code="9">6088</subfield>
  </datafield>
  <datafield tag="700" ind1=" " ind2=" ">
    <subfield code="a">Vento Pacifico</subfield>
    <subfield code="d">Codice autore testo/musica SPICS: 13630</subfield>
    <subfield code="e">Autore testo/musica</subfield>
    <subfield code="p">Scapricciatiello</subfield>
    <subfield code="9">6089</subfield>
  </datafield>
  <datafield tag="700" ind1=" " ind2=" ">
    <subfield code="a">Young Victor</subfield>
    <subfield code="d">Codice autore musica SPICS: 11205</subfield>
    <subfield code="e">Autore musica</subfield>
    <subfield code="p">Johnny Guitar</subfield>
    <subfield code="9">6090</subfield>
  </datafield>
  <datafield tag="700" ind1=" " ind2=" ">
    <subfield code="a">Lee George E.</subfield>
    <subfield code="d">Codice autore testo/musica SPICS: 16396</subfield>
    <subfield code="e">Autore testo/musica</subfield>
    <subfield code="p">Johnny Guitar</subfield>
    <subfield code="9">6091</subfield>
  </datafield>
  <datafield tag="700" ind1=" " ind2=" ">
    <subfield code="a">Devilli (Curci Alberto)</subfield>
    <subfield code="d">Codice autore musica SPICS: 13392</subfield>
    <subfield code="e">Autore musica</subfield>
    <subfield code="p">Fontana di Trevi</subfield>
    <subfield code="9">6092</subfield>
  </datafield>
  <datafield tag="700" ind1=" " ind2=" ">
    <subfield code="a">Styne Jules</subfield>
    <subfield code="d">Codice autore SPICS: 11167</subfield>
    <subfield code="e">Autore</subfield>
    <subfield code="p">Fontana di Trevi</subfield>
    <subfield code="9">6093</subfield>
  </datafield>
  <datafield tag="700" ind1=" " ind2=" ">
    <subfield code="a">Cahn</subfield>
    <subfield code="d">Codice autore testo/musica SPICS: 20244</subfield>
    <subfield code="e">Autore testo/musica</subfield>
    <subfield code="p">Fontana di Trevi</subfield>
    <subfield code="9">6094</subfield>
  </datafield>
  <datafield tag="700" ind1=" " ind2=" ">
    <subfield code="a">Ripa Virgilio</subfield>
    <subfield code="d">Codice autore musica SPICS: 13647</subfield>
    <subfield code="e">Autore musica</subfield>
    <subfield code="p">Aveva un bavero</subfield>
    <subfield code="9">6095</subfield>
  </datafield>
  <datafield tag="700" ind1=" " ind2=" ">
    <subfield code="a">Panzeri Mario</subfield>
    <subfield code="d">Codice autore testo/musica SPICS: 13372</subfield>
    <subfield code="e">Autore testo/musica</subfield>
    <subfield code="p">Aveva un bavero</subfield>
    <subfield code="9">6096</subfield>
  </datafield>
  <datafield tag="700" ind1=" " ind2=" ">
    <subfield code="a">Gioia Caterina</subfield>
    <subfield code="d">Codice autore musica SPICS: 6049</subfield>
    <subfield code="e">Autore musica</subfield>
    <subfield code="p">Le Grisbi</subfield>
    <subfield code="9">6097</subfield>
  </datafield>
  <datafield tag="700" ind1=" " ind2=" ">
    <subfield code="a">Testoni Giancarlo</subfield>
    <subfield code="d">Codice autore SPICS: 13524</subfield>
    <subfield code="e">Autore</subfield>
    <subfield code="p">Le Grisbi</subfield>
    <subfield code="9">6098</subfield>
  </datafield>
  <datafield tag="700" ind1=" " ind2=" ">
    <subfield code="a">Modugno Domenico</subfield>
    <subfield code="d">Codice autore testo/musica SPICS: 12142</subfield>
    <subfield code="e">Autore testo/musica</subfield>
    <subfield code="p">La donna riccia</subfield>
    <subfield code="9">6099</subfield>
  </datafield>
  <datafield tag="700" ind1=" " ind2=" ">
    <subfield code="a">Falcocchio Edoardo</subfield>
    <subfield code="d">Codice autore musica SPICS: 13560</subfield>
    <subfield code="e">Autore musica</subfield>
    <subfield code="p">Tutte le mamme</subfield>
    <subfield code="9">6100</subfield>
  </datafield>
  <datafield tag="700" ind1=" " ind2=" ">
    <subfield code="a">Bertini Umberto</subfield>
    <subfield code="d">Codice autore testo/musica SPICS: 13511</subfield>
    <subfield code="e">Autore testo/musica</subfield>
    <subfield code="p">Tutte le mamme</subfield>
    <subfield code="9">6101</subfield>
  </datafield>
  <datafield tag="942" ind1=" " ind2=" ">
    <subfield code="c">MD</subfield>
    <subfield code="2">ddc</subfield>
  </datafield>
  <datafield tag="952" ind1=" " ind2=" ">
    <subfield code="0">0</subfield>
    <subfield code="1">0</subfield>
    <subfield code="4">0</subfield>
    <subfield code="6">23808_000000000000000</subfield>
    <subfield code="7">1</subfield>
    <subfield code="a">SPICS</subfield>
    <subfield code="b">SPICS</subfield>
    <subfield code="d">2013-10-25</subfield>
    <subfield code="l">0</subfield>
    <subfield code="o">23808</subfield>
    <subfield code="r">2013-10-25 00:00:00</subfield>
    <subfield code="w">2013-10-25</subfield>
    <subfield code="y">MD</subfield>
    <subfield code="z">Progr. Ins.: 4655 / N.Vol.: 1 / Copie: 1 - Copia rara: n.d. / date import: 01.01.2014 - By Epidotti, Trombetti, Vaglietti</subfield>
  </datafield>
</record>
